[Event "Bethune op-B 24th"]
[Site "Bethune"]
[Date "2003.12.30"]
[Round "7"]
[White "Lienart, Clement"]
[Black "Colson, Stephen"]
[Result "1-0"]
[WhiteElo "1510"]
[BlackElo "1399"]
[PlyCount "69"]
[EventDate "2003.12.26"]
[EventType "swiss"]
[EventRounds "9"]
[EventCountry "FRA"]
[SourceTitle "EXT 2005"]
[Source "ChessBase"]
[SourceDate "2004.11.15"]
[SourceVersion "1"]
[SourceVersionDate "2004.11.15"]
[SourceQuality "1"]

1. e4 e5 2. f4 d5 3. exd5 Qxd5 4. Nc3 Qd8 5. fxe5 Bc5 6. Nf3 Nc6 7. Bb5 Bg4 8. h3 Bxf3 9. Qxf3 Nge7 10. Na4 Bd4 11. e6 0-0 12. exf7+ Rxf7 13. Bc4 Ne5 14. Bxf7+ Nxf7 15. c3 Bf6 16. 0-0 Nc6 17. d4 Nxd4 18. Qd1 Nc6 19. Qxd8+ Rxd8 20. Bf4 Nce5 21. Nc5 b6 22. Ne4 Be7 23. Rad1 Nd3 24. b3 g5 25. Bxc7 Rd7 26. Bh2 Nfe5 27. Bxe5 Nxe5 28. Rxd7 Nxd7 29. Rd1 Ne5 30. Rd5 Nf7 31. Rd7 Kf8 32. Rxa7 Nd6 33. Nxd6 Bxd6 34. Rxh7 Bc5+ 35. Kf1 1-0

[Event "FRA-ch du Nord"]
[Site "France"]
[Date "2003.04.13"]
[Round "3"]
[White "De la Breteche, Clement"]
[Black "Lienart, Clement"]
[Result "0-1"]
[WhiteElo "1300"]
[BlackElo "1470"]
[PlyCount "126"]
[EventDate "2003.04.12"]
[EventType "swiss"]
[EventRounds "7"]
[EventCountry "FRA"]
[SourceTitle "EXT 2008"]
[Source "ChessBase"]
[SourceDate "2007.11.25"]
[SourceVersion "1"]
[SourceVersionDate "2007.11.25"]
[SourceQuality "1"]

1. e4 e5 2. Nf3 Nc6 3. Bc4 Bc5 4. d3 Nf6 5. Bg5 h6 6. Bh4 d6 7. Nc3 Nd4 8. Nxd4 Bxd4 9. 0-0 c6 10. Rb1 a5 11. a4 Qe7 12. Bb3 Be6 13. Ne2 Bb6 14. c3 g5 15. Bg3 h5 16. h4 Rg8 17. hxg5 Rxg5 18. d4 0-0-0 19. Bc2 Rh8 20. Qd2 Ne8 21. Bh4 Rxg2+ 22. Kxg2 Qxh4 23. Rh1 Rg8+ 24. Kf3 Qg4+ 25. Ke3 Bd8 26. f3 Bg5+ 27. Kf2 Qxf3+ 28. Kxf3 Bxd2 29. Bb3 Rg7 30. Rbg1 Rxg1 31. Rxg1 Bg4+ 32. Kf2 Nf6 33. Bc2 Kc7 34. Rd1 Bh6 35. Ng3 Bxd1 36. Bxd1 h4 37. Nf5 Bg5 38. dxe5 dxe5 39. Bb3 Nxe4+ 40. Kg2 Nc5 41. Bxf7 Nxa4 42. b4 axb4 43. cxb4 Nc3 44. Ng7 Kb6 45. Ne6 Be7 46. Kh3 e4 47. Nd4 Bf6 48. Nc2 Nd5 49. Bxd5 cxd5 50. Kg4 d4 51. Kf5 d3 52. Ne3 h3 53. Kxf6 h2 54. Nd5+ Ka7 55. b5 h1Q 56. Ke6 d2 57. Ne3 Qh6+ 58. Ke5 Qxe3 59. Kd5 d1R+ 60. Kc4 Qe2+ 61. Kc5 Qc2+ 62. Kb4 Rb1+ 63. Ka3 Qb3# 0-1

[Event "FRA-ch du Nord"]
[Site "France"]
[Date "2003.04.12"]
[Round "1"]
[White "Lai, Antoine"]
[Black "Lienart, Clement"]
[Result "1-0"]
[WhiteElo "1890"]
[BlackElo "1470"]
[PlyCount "29"]
[EventDate "2003.04.12"]
[EventType "swiss"]
[EventRounds "7"]
[EventCountry "FRA"]
[SourceTitle "EXT 2008"]
[Source "ChessBase"]
[SourceDate "2007.11.25"]
[SourceVersion "1"]
[SourceVersionDate "2007.11.25"]
[SourceQuality "1"]

1. e4 e5 2. Bc4 Nf6 3. d3 Nc6 4. Nc3 Na5 5. Bb3 Nxb3 6. axb3 Bb4 7. f4 exf4 8. Bxf4 d5 9. exd5 Nxd5 10. Bd2 Qf6 11. Nxd5 Bxd2+ 12. Qxd2 Qc6 13. Qe2+ Kf8 14. Qe7+ Kg8 15. Qd8+ 1-0